Atlas of Oral and Maxillofacial Surgical Instruments (Record no. 20926)

MARC details
000 -LEADER
fixed length control field 00378nam a22001457a 4500
003 - CONTROL NUMBER IDENTIFIER
control field SGT
020 ## - INTERNATIONAL STANDARD BOOK NUMBER
International Standard Book Number 9789386478122
082 ## - DEWEY DECIMAL CLASSIFICATION NUMBER
Classification number 617.525
Item number A17A
100 ## - MAIN ENTRY--PERSONAL NAME
Personal name Syed Ahmed
245 ## - TITLE STATEMENT
Title Atlas of Oral and Maxillofacial Surgical Instruments
260 ## - PUBLICATION, DISTRIBUTION, ETC. (IMPRINT)
Place of publication, distribution, etc NEW DELHI
Name of publisher, distributor, etc CBS Publishers & Distributors Pvt Ltd
Year of Publication 2017
300 ## - PAGE DESCRIPTION
No. of Pages 1-154
650 ## - SUBJECT ADDED ENTRY--TOPICAL TERM
Topical term or geographic name as entry element ORAL SURGERY
942 ## - ADDED ENTRY ELEMENTS (KOHA)
Source of classification or shelving scheme Dewey Decimal Classification
Koha item type Books
942 ## - ADDED ENTRY ELEMENTS (KOHA)
-- 19
Holdings
Withdrawn status Lost status Source of classification or shelving scheme Damaged status Not for loan Home library Current library Shelving location Date acquired Vendor Name Cost, normal purchase price SGTU Bill Number Total Checkouts Full call number Accession No. (Barcode) Date last seen Date last borrowed Bill Date Koha item type
    Dewey Decimal Classification     SGT Dental Library SGT Dental Library Text Book 06/03/2021 AHUJA BOOK COMPANY 625.00 SGTU 12616 11 617.525 A17A FD8353 02/11/2024 21/10/2024 27/01/2021 Books
    Dewey Decimal Classification     SGT Dental Library SGT Dental Library Text Book 06/03/2021 AHUJA BOOK COMPANY 625.00 SGTU 12616 8 617.525 A17A FD8354 22/03/2025 20/03/2025 27/01/2021 Books